[Event "ch-CZE 2015"]
[Site "Havlickuv Brod CZE"]
[Date "2015.05.21"]
[Round "7.2"]
[White "Zilka, Stepan"]
[Black "Kraus, Tomas"]
[Result "1/2-1/2"]
[WhiteTitle "GM"]
[BlackTitle "FM"]
[WhiteElo "2514"]
[BlackElo "2402"]
[WhiteFideId "315303"]
[BlackFideId "331708"]
[EventDate "2015.05.15"]

1. d4 Nf6 2. c4 e6 3. Nf3 c5 4. d5 b5 5. Bg5 Qb6 6. Nc3 b4 7. Na4 Qa5 8. Bxf6
gxf6 9. e4 d6 10. Bd3 Nd7 11. O-O Ne5 12. Nxe5 fxe5 13. a3 Bg7 14. axb4 Qxb4 15.
Nc3 O-O 16. Nb5 exd5 17. b3 dxc4 18. Bxc4 Be6 19. Ra4 Qxa4 20. bxa4 Bxc4 21.
Nxd6 Bxf1 22. Nf5 Kh8 23. Qg4 Bf6 24. Qh5 Rfc8 25. Kxf1 Rc7 26. Qh6 Rc6 27. g4
Rg8 28. Ne7 Re6 29. Nxg8 Kxg8 30. Qc1 c4 31. Qxc4 Bg5 32. Qc3 a6 33. Qg3 Kg7 34.
h4 Bf4 35. Qc3 h6 36. Qc5 Rg6 37. Qc8 Re6 38. Ke2 Rd6 39. Kf3 Rd3+ 40. Kg2 Rd6
41. Qc7 Re6 42. Kf3 Rf6 43. Ke2 Rg6 44. Kf3 Rf6 45. Kg2 Re6 46. Qd7 Rb6 47. a5
Re6 48. Kf3 Rf6 49. Ke2 Bh2 50. Qc7 Rg6 51. Qc8 Rd6 52. Qc5 Rg6 53. h5 Rf6 54.
Kd3 Bf4 55. Kc4 Bh2 56. Kd5 Bf4 57. Qc3 Re6 58. Kc5 Rf6 59. Qh3 Bg5 60. Qg3 Bf4
61. Qc3 Bh2 62. Qb2 Bf4 63. Kd5 Bh2 64. Qb6 Bf4 65. Qd8 Bh2 66. Qe7 Bf4 67. Qe8 1/2-1/2

[Event "ch-CZE 2015"]
[Site "Havlickuv Brod CZE"]
[Date "2015.05.21"]
[Round "7.3"]
[White "Bernasek, Jan"]
[Black "Rausis, Igors"]
[Result "1/2-1/2"]
[WhiteTitle "GM"]
[BlackTitle "GM"]
[WhiteElo "2513"]
[BlackElo "2590"]
[WhiteFideId "311995"]
[BlackFideId "11600098"]
[EventDate "2015.05.15"]

1. d4 d5 2. c4 dxc4 3. Nf3 a6 4. e3 b5 5. a4 Bb7 6. axb5 axb5 7. Rxa8 Bxa8 8. b3
Nf6 9. bxc4 bxc4 10. Bxc4 e6 11. O-O Nbd7 12. Nc3 Be7 13. Qe2 O-O 14. Rd1 c5 15.
dxc5 1/2-1/2

[Event "ch-CZE 2015"]
[Site "Havlickuv Brod CZE"]
[Date "2015.05.21"]
[Round "7.5"]
[White "Hracek, Zbynek"]
[Black "Stocek, Jiri"]
[Result "1/2-1/2"]
[WhiteTitle "GM"]
[BlackTitle "GM"]
[WhiteElo "2617"]
[BlackElo "2559"]
[WhiteFideId "300071"]
[BlackFideId "304760"]
[EventDate "2015.05.15"]

1. d4 e6 2. c4 f5 3. Nc3 Nf6 4. Qc2 b6 5. g3 Bb7 6. d5 Bb4 7. Bg2 O-O 8. Bd2
exd5 9. Rd1 Nc6 10. Nxd5 Bc5 11. Nh3 Ne4 12. O-O a5 13. a3 Nd4 14. Qd3 Nxd2 15.
Rxd2 a4 16. Ne7+ Qxe7 17. Bxb7 Rae8 18. e3 Nb3 19. Bd5+ Kh8 20. Rdd1 Bd6 21. Bg2 1/2-1/2

[Event "ch-CZE 2015"]
[Site "Havlickuv Brod CZE"]
[Date "2015.05.22"]
[Round "8.1"]
[White "Biolek, Richard Jr."]
[Black "Stocek, Jiri"]
[Result "0-1"]
[WhiteTitle "IM"]
[BlackTitle "GM"]
[WhiteElo "2461"]
[BlackElo "2559"]
[WhiteFideId "319996"]
[BlackFideId "304760"]
[EventDate "2015.05.15"]

1. d4 Nf6 2. c4 e6 3. Nc3 Bb4 4. Nf3 b6 5. Bg5 h6 6. Bh4 Bb7 7. e3 c5 8. Bd3
cxd4 9. exd4 Be7 10. O-O O-O 11. Re1 d6 12. b4 Nbd7 13. a4 a5 14. bxa5 Rxa5 15.
Nb5 d5 16. Ne5 Nxe5 17. dxe5 Nd7 18. Nd6 Ba6 19. Bxe7 Qxe7 20. f4 dxc4 21. Bxc4
Bxc4 22. Nxc4 Rd5 23. Qf3 Rd4 24. Nd6 f6 25. Nb5 Rb4 26. exf6 Qxf6 27. g3 Nc5
28. Qe3 Rd8 29. Rad1 Rxa4 30. Rxd8+ Qxd8 31. Nc3 Ra3 32. f5 exf5 33. Qe5 Kh8 34.
Nd5 Nd3 35. Qe8+ Qxe8 36. Rxe8+ Kh7 37. Nxb6 Ra1+ 38. Kg2 Ra2+ 39. Kg1 f4 40.
gxf4 Nxf4 41. Nd7 Kg6 42. Re1 Kf5 43. Nc5 g5 44. Ne4 Nd3 45. Nd6+ Kg4 46. Rf1
Ne5 47. Rf2 Nf3+ 48. Kg2 Rxf2+ 49. Kxf2 Nxh2 50. Nf7 h5 51. Ne5+ Kf5 52. Nd3
Ng4+ 53. Kg3 Nf6 54. Kh3 Nd5 55. Nf2 h4 56. Kg2 g4 57. Nd1 Kf4 58. Kh2 Kf3 0-1

[Event "ch-CZE 2015"]
[Site "Havlickuv Brod CZE"]
[Date "2015.05.22"]
[Round "8.3"]
[White "Rausis, Igors"]
[Black "Petr, Martin"]
[Result "1/2-1/2"]
[WhiteTitle "GM"]
[BlackTitle "GM"]
[WhiteElo "2590"]
[BlackElo "2516"]
[WhiteFideId "11600098"]
[BlackFideId "318299"]
[EventDate "2015.05.15"]

1. Nf3 Nf6 2. c4 e6 3. d4 d5 4. Nc3 Be7 5. Bf4 O-O 6. e3 Nbd7 7. cxd5 Nxd5 8.
Nxd5 exd5 9. Bd3 Nf6 10. Qc2 c6 11. O-O Bg4 12. Ng5 h6 13. Nh7 Nxh7 14. Bxh7+
Kh8 15. Bd3 Qd7 16. a3 a5 17. b3 Be6 18. Rfc1 Rfc8 19. h3 Kg8 20. Be5 Bf8 21.
Bh7+ Kh8 22. Bd3 Kg8 23. Bh7+ Kh8 1/2-1/2

[Event "ch-CZE 2015"]
[Site "Havlickuv Brod CZE"]
[Date "2015.05.22"]
[Round "8.4"]
[White "Kraus, Tomas"]
[Black "Bernasek, Jan"]
[Result "0-1"]
[WhiteTitle "FM"]
[BlackTitle "GM"]
[WhiteElo "2402"]
[BlackElo "2513"]
[WhiteFideId "331708"]
[BlackFideId "311995"]
[EventDate "2015.05.15"]

1. e4 c5 2. Nf3 e6 3. d4 cxd4 4. Nxd4 Nc6 5. Nb5 d6 6. c4 Nf6 7. N1c3 a6 8. Na3
Be7 9. Be3 O-O 10. Be2 b6 11. O-O Bb7 12. Qb3 Nd7 13. Rfd1 Nc5 14. Qc2 Bf6 15.
Rac1 Be5 16. Nab1 Qh4 17. g3 Qf6 18. Qd2 Qg6 19. f4 Nxe4 20. Nxe4 Qxe4 21. Kf2
Qf5 22. g4 Qf6 23. g5 Qf5 24. Ke1 Qe4 25. fxe5 Qh1+ 26. Bf1 Nxe5 27. Qf2 Nf3+
28. Ke2 Nxh2 29. Rd4 Nf3 30. Rxd6 Qh5 31. Kd3 Rad8 32. Rxd8 Rxd8+ 33. Kc3 Nxg5
34. Kb3 Ne4 35. Qe1 b5 36. c5 Qe5 37. a4 Bd5+ 38. Ka3 b4+ 39. Qxb4 Rb8 40. Bd4
Rxb4 41. Bxe5 Rb3+ 42. Ka2 Rc3+ 0-1

[Event "ch-CZE 2015"]
[Site "Havlickuv Brod CZE"]
[Date "2015.05.22"]
[Round "8.5"]
[White "Babula, Vlastimil"]
[Black "Zilka, Stepan"]
[Result "1/2-1/2"]
[WhiteTitle "GM"]
[BlackTitle "GM"]
[WhiteElo "2542"]
[BlackElo "2514"]
[WhiteFideId "301264"]
[BlackFideId "315303"]
[EventDate "2015.05.15"]

1. d4 Nf6 2. c4 e6 3. Nf3 b6 4. g3 Bb4+ 5. Bd2 Bxd2+ 6. Qxd2 Bb7 7. Bg2 O-O 8.
Nc3 Ne4 9. Qc2 Nxc3 10. Ng5 Ne4 11. Bxe4 Bxe4 12. Qxe4 Qxg5 13. Qxa8 Nc6 14. Qb7
Nxd4 15. Rd1 Qe5 16. e3 Nc2+ 17. Ke2 d5 18. cxd5 Nb4 19. Rd4 Nxd5 20. Qc6 Qh5+
21. f3 Qe5 22. Qc1 c5 1/2-1/2

[Event "ch-CZE 2015"]
[Site "Havlickuv Brod CZE"]
[Date "2015.05.23"]
[Round "9.1"]
[White "Zilka, Stepan"]
[Black "Biolek, Richard Jr."]
[Result "1/2-1/2"]
[WhiteTitle "GM"]
[BlackTitle "IM"]
[WhiteElo "2514"]
[BlackElo "2461"]
[WhiteFideId "315303"]
[BlackFideId "319996"]
[EventDate "2015.05.15"]

1. e4 e5 2. Nf3 Nc6 3. Bc4 Nf6 4. d3 Be7 5. O-O O-O 6. Re1 d6 7. a4 Be6 8. Nbd2
h6 9. c3 Bxc4 10. Nxc4 Nh7 11. Ne3 Ng5 12. Nd5 Nxf3+ 13. Qxf3 Rc8 14. Qh3 Bg5
15. Bxg5 Qxg5 16. Re3 Qd8 17. Rg3 Kh8 18. Qg4 Rg8 19. Rh3 Qf8 20. Qf3 Ne7 21.
Nxe7 Qxe7 22. Qe3 Qe6 23. Qxa7 b6 24. Qa6 Qb3 25. Qb5 Qxb5 26. axb5 Ra8 27. Rb1
Ra2 28. Kf1 Rga8 29. Re3 R8a5 30. c4 Kg8 31. Ree1 Kf8 32. Ke2 Ke7 33. Ke3 g5 34.
Kf3 h5 35. h4 g4+ 36. Ke3 Ra8 37. Rf1 Rg8 38. g3 Rg6 39. f4 gxf3 40. Rxf3 Rf6
41. Rxf6 Kxf6 42. Kf3 Kg6 43. g4 f6 44. Kg3 Kh6 45. Rf1 Rxb2 46. Rxf6+ Kg7 47.
Rf2 Rb3 48. Rf3 Kg6 49. g5 Rc3 50. Kg2 Kg7 51. Rh3 Rc2+ 52. Kf3 Rd2 53. Ke3 Ra2
54. Rh1 Kg6 55. Rf1 Rh2 56. Rf6+ Kg7 57. Re6 Kf7 58. Rh6 Rxh4 59. Rh7+ Kg6 60.
Rxc7 Rh3+ 61. Kd2 Rh2+ 62. Kc3 h4 63. Rc6 h3 64. Rxd6+ Kxg5 65. Rd8 Rh1 66. Rh8
Kg4 67. Kc2 Rh2+ 68. Kb3 Rh1 69. Kb2 Rh2+ 70. Kc3 1/2-1/2

[Event "ch-CZE 2015"]
[Site "Havlickuv Brod CZE"]
[Date "2015.05.23"]
[Round "9.2"]
[White "Bernasek, Jan"]
[Black "Babula, Vlastimil"]
[Result "1/2-1/2"]
[WhiteTitle "GM"]
[BlackTitle "GM"]
[WhiteElo "2513"]
[BlackElo "2542"]
[WhiteFideId "311995"]
[BlackFideId "301264"]
[EventDate "2015.05.15"]

1. d4 Nf6 2. c4 e6 3. Nc3 Bb4 4. e3 O-O 5. Bd3 d5 6. Nf3 b6 7. O-O Ba6 8. Ne5
dxc4 9. Nxc4 c5 10. a3 cxd4 11. axb4 dxc3 12. bxc3 Qc7 13. Qb3 Rd8 14. Be2 Bb5 1/2-1/2

[Event "ch-CZE 2015"]
[Site "Havlickuv Brod CZE"]
[Date "2015.05.23"]
[Round "9.3"]
[White "Petr, Martin"]
[Black "Kraus, Tomas"]
[Result "1-0"]
[WhiteTitle "GM"]
[BlackTitle "FM"]
[WhiteElo "2516"]
[BlackElo "2402"]
[WhiteFideId "318299"]
[BlackFideId "331708"]
[EventDate "2015.05.15"]
[EventType "team-tourn"]

1. e4 c5 2. Nf3 Nc6 3. Bb5 g6 4. Bxc6 dxc6 5. d3 Bg7 6. h3 e5 7. a3 a5 8. Be3 b6
9. Nbd2 a4 10. Nc4 Qc7 11. b4 b5 12. Na5 cxb4 13. axb4 c5 14. c3 Ra6 15. O-O Nf6
16. d4 exd4 17. cxd4 cxb4 18. Rc1 Qxa5 19. Rxc8+ Ke7 20. Qc2 Rxc8 21. Qxc8 Ra8
22. Qc5+ Ke8 23. Ne5 Nd7 24. Nxd7 Kxd7 25. Rc1 b3 26. Bf4 Ke8 27. Bd6 Qa6 28.
Qb4 b2 29. Rc7 a3 30. Re7+ Kd8 31. Qc5 b1=Q+ 32. Kh2 Qc1 33. Bc7+ Kc8 34. Qxc1
Qa4 35. Qc6 1-0

[Event "ch-CZE 2015"]
[Site "Havlickuv Brod CZE"]
[Date "2015.05.23"]
[Round "9.4"]
[White "Hracek, Zbynek"]
[Black "Rausis, Igors"]
[Result "1/2-1/2"]
[WhiteTitle "GM"]
[BlackTitle "GM"]
[WhiteElo "2617"]
[BlackElo "2590"]
[WhiteFideId "300071"]
[BlackFideId "11600098"]
[EventDate "2015.05.15"]

1. e4 c5 2. Nf3 g6 3. d4 cxd4 4. Nxd4 Nc6 5. c4 Nf6 6. Nc3 Nxd4 7. Qxd4 d6 8.
Be3 Bg7 9. f3 O-O 10. Qd2 a5 11. Na4 Nd7 12. Rd1 Qc7 13. Be2 Nc5 14. Nc3 Be6 15.
b3 Rfc8 16. Rc1 Qb6 17. Nb5 Bd7 18. O-O Bc6 19. Rfd1 h5 20. Bf1 Qd8 21. Re1 Be5
22. Bf2 Qf8 23. Nc3 Qd8 24. Nd5 e6 25. Nc3 Qf6 26. Be3 Qh4 27. g3 Qe7 28. Bg2 h4
29. Bf2 hxg3 30. hxg3 Rd8 31. Nd5 Qf8 32. Nc3 b6 33. f4 Bf6 34. Qe2 Qh6 35. Bf3
Qh3 36. Bg2 Qh6 37. Bf3 Qh3 38. Bg2 1/2-1/2

[Event "ch-CZE 2015"]
[Site "Havlickuv Brod CZE"]
[Date "2015.05.23"]
[Round "9.5"]
[White "Stocek, Jiri"]
[Black "Navara, David"]
[Result "1/2-1/2"]
[WhiteTitle "GM"]
[BlackTitle "GM"]
[WhiteElo "2559"]
[BlackElo "2751"]
[WhiteFideId "304760"]
[BlackFideId "309095"]
[EventDate "2015.05.15"]

1. d4 Nf6 2. c4 e6 3. Nc3 Bb4 4. e3 O-O 5. Bd3 d5 6. cxd5 exd5 7. Ne2 Re8 8. Bd2
c5 9. a3 Bxc3 10. Bxc3 c4 11. Bc2 Bg4 12. O-O Nc6 13. b3 cxb3 14. Bxb3 Ne4 15.
f3 Nxc3 16. Nxc3 Be6 17. e4 dxe4 18. d5 Qb6+ 19. Kh1 Rad8 20. Na4 Qb5 21. Nc3
Qb6 22. Na4 Qb5 23. Nc3 1/2-1/2